Χάρις χαίρε : μελέτες στη μνήμη της Χάρης Κάντζια

Αποθηκεύτηκε σε:
Λεπτομέρειες βιβλιογραφικής εγγραφής
Συγγραφή απο Οργανισμό/Αρχή: Αρχαιολογικό Ινστιτούτο Αιγαιακών Σπουδών
Μορφή: Βιβλίο
Γλώσσα:Greek
Italian
Δημοσίευση: Αθήνα : Υπουργείο Πολιτισμού. Αρχαιολογικό Ινστιτούτο Αιγαιακών Σπουδών, 2004
Θέματα:
Ετικέτες: Προσθήκη ετικέτας
Δεν υπάρχουν, Καταχωρήστε ετικέτα πρώτοι!

MARC

LEADER 00000cam a2200000 i 4500
001 1/80334
008 050708s2004 gre d
020 |a 960-88387-0-3 
035 |l 10078999 
040 |a GR-MY-UA  |b gre  |e aacr 
041 0 |a gre  |a ita 
082 0 |a 938  |2 (22) 
110 2 |a Αρχαιολογικό Ινστιτούτο Αιγαιακών Σπουδών. 
245 1 0 |a Χάρις χαίρε :  |b μελέτες στη μνήμη της Χάρης Κάντζια /  |c Αρχαιολογικό Ινστιτούτο Αιγαιακών Σπουδών 
260 |a Αθήνα :   |b Υπουργείο Πολιτισμού. Αρχαιολογικό Ινστιτούτο Αιγαιακών Σπουδών,   |c 2004 
300 |a 2 τ.;  |b εικ.;  |c 28 εκ. 
504 |a Περιλαμβάνει βιβλιογραφίες 
600 1 0 |a Κάντζια, Χάρις,   |d 1948-1994. 
650 0 0 |a Excavations (Archaeology)  |z Aegean Islands (Greece and Turkey) 
651 0 |a Aegean Islands (Greece and Turkey)  |x Antiquities. 
852 |a INST  |b RHODES  |e 20050708  |h 938 ΧΑΡ  |p 005400022970  |q 005400022970  |t BK  |y 0 
901 |a BIBL4-2005-2 
909 |a Ρ  |b 121850 
970 |a ΚΟΖΑ  |b ΜΑΡΙΑ  |z 2005/07/08